[Event "PHI-ch (Women)"]
[Site "Manila"]
[Date "2015.10.26"]
[Round "4"]
[White "Enriquez, Jean Karen"]
[Black "Secopito, Catherine"]
[Result "1/2-1/2"]
[WhiteElo "1913"]
[BlackElo "2134"]
[PlyCount "160"]
[EventDate "2015.10.24"]
[EventType "tourn"]
[EventRounds "9"]
[EventCountry "PHI"]
[SourceTitle "CBM 169 Extra"]
[Source "ChessBase"]
[SourceDate "2015.12.18"]
[SourceVersion "1"]
[SourceVersionDate "2015.12.18"]
[SourceQuality "1"]

1. e4 d5 2. exd5 Qxd5 3. Nc3 Qd6 4. d4 a6 5. Nf3 Nf6 6. Ne5 Nc6 7. Nxc6 Qxc6 8. d5 Qb6 9. Be2 Bf5 10. 0-0 0-0-0 11. Na4 Qd6 12. c4 e6 13. Qd4 c5 14. Qf4 Bc2 15. b3 exd5 16. Qh4 Nd7 17. Bf4 Qe7 18. Bg4 f5 19. Bg5 Nf6 20. Bd1 Bxd1 21. Raxd1 Qc7 22. Bxf6 gxf6 23. Qxf6 Bd6 24. Qxf5+ Kb8 25. Rxd5 Bxh2+ 26. Kh1 Rxd5 27. Qxd5 Be5 28. Re1 Bd4 29. Qf3 Ka7 30. Nc3 Qg7 31. Ne4 Rf8 32. Qg3 Qh6+ 33. Kg1 Re8 34. b4 Re5 35. bxc5 Rh5 36. Kf1 Rh1+ 37. Ke2 Rxe1+ 38. Kxe1 Qc1+ 39. Ke2 Qxc4+ 40. Kf3 Qxa2 41. Qd6 Qb3+ 42. Kg4 Bb2 43. f3 Qb5 44. Qc7 Qc6 45. Qxh7 a5 46. Nd6 Bd4 47. Qd3 Bxc5 48. Nb5+ Kb6 49. Nc3 a4 50. Qc4 Ka5 51. Ne4 Qd7+ 52. Kg3 Bb4 53. Qg8 a3 54. Qg5+ b5 55. Qg8 Ka4 56. Qa8+ Kb3 57. Qg8+ Kb2 58. Qh8+ Kb1 59. Qh1+ Kc2 60. Qa1 Qc7+ 61. Kh3 Qc4 62. Nf2 a2 63. Nd1 Qe6+ 64. g4 Qh6+ 65. Kg3 Qd6+ 66. f4 Qxd1 67. Qxa2+ Kc3 68. Qa6 Qd3+ 69. Kh4 Be7+ 70. g5 b4 71. Qe6 Qh7+ 72. Kg4 b3 73. f5 b2 74. Qc6+ Kb3 75. Qd5+ Ka3 76. Qa5+ Kb3 77. Qd5+ Kc2 78. Qc4+ Kd2 79. Qd4+ Kc2 80. Qc4+ Kd2 1/2-1/2

[Event "PHI-ch (Women)"]
[Site "Manila"]
[Date "2014.06.25"]
[Round "7"]
[White "Enriquez, Jean Karen"]
[Black "Bernales, Christy Lamiel"]
[Result "0-1"]
[WhiteElo "1892"]
[BlackElo "2033"]
[PlyCount "136"]
[EventDate "2014.06.21"]
[EventType "tourn"]
[EventRounds "11"]
[EventCountry "PHI"]
[SourceTitle "CBM 161 Extra"]
[Source "ChessBase"]
[SourceDate "2014.08.29"]
[SourceVersion "1"]
[SourceVersionDate "2014.08.29"]
[SourceQuality "1"]

1. e4 e6 2. d4 d5 3. Nc3 Nf6 4. e5 Nfd7 5. f4 c5 6. Nf3 Nc6 7. Be3 a6 8. Be2 b5 9. Qd2 Qb6 10. dxc5 Bxc5 11. Bxc5 Nxc5 12. a3 Bb7 13. Nd4 Ne4 14. Nxe4 dxe4 15. Nxc6 Bxc6 16. 0-0-0 0-0 17. Qd4 Qb7 18. g4 a5 19. Rhe1 b4 20. a4 Rac8 21. b3 Bd5 22. Kb1 Rc3 23. f5 Rfc8 24. Bc4 Qc7 25. Bxd5 exd5 26. Qxd5 Rxc2 27. Qd6 g6 28. Qxc7 R8xc7 29. f6 h6 30. Rc1 R2c3 31. Kb2 e3 32. Rxc3 Rxc3 33. Rc1 e2 34. Re1 Re3 35. Kc2 Rxe5 36. Kd3 Rc5 37. Rxe2 Rc3+ 38. Kd4 g5 39. Re5 Rxb3 40. Rxa5 Ra3 41. Kc4 b3 42. Kc3 Kh7 43. Kb2 Ra2+ 44. Kxb3 Rxh2 45. Rf5 Kg6 46. Rf3 h5 47. gxh5+ Rxh5 48. Kc4 g4 49. Rg3 Kf5 50. Rg1 Kf4 51. Kb4 g3 52. a5 Kf3 53. a6 Kf2 54. Ra1 g2 55. a7 Rh8 56. Kc5 g1Q 57. Rxg1 Kxg1 58. Kb6 Kf2 59. Kb7 Ke3 60. a8Q Rxa8 61. Kxa8 Ke4 62. Kb7 Ke5 63. Kc6 Kxf6 64. Kd6 Kf5 65. Kd5 Kf4 66. Kd4 f5 67. Kd3 Kf3 68. Kd2 Kf2 0-1

[Event "PHI-ch (Women)"]
[Site "Manila"]
[Date "2014.06.23"]
[Round "4"]
[White "Mejia, Cherry Ann"]
[Black "Enriquez, Jean Karen"]
[Result "1/2-1/2"]
[WhiteElo "1972"]
[BlackElo "1892"]
[PlyCount "154"]
[EventDate "2014.06.21"]
[EventType "tourn"]
[EventRounds "11"]
[EventCountry "PHI"]
[SourceTitle "CBM 161 Extra"]
[Source "ChessBase"]
[SourceDate "2014.08.29"]
[SourceVersion "1"]
[SourceVersionDate "2014.08.29"]
[SourceQuality "1"]

1. b3 e6 2. Bb2 c5 3. e3 Nc6 4. Nf3 Nf6 5. Bb5 Be7 6. Bxc6 bxc6 7. 0-0 0-0 8. d3 d6 9. Nbd2 e5 10. h3 Ne8 11. d4 cxd4 12. exd4 exd4 13. Nxd4 Qc7 14. Qf3 Bf6 15. Rab1 Bb7 16. Nf5 Bxb2 17. Rxb2 c5 18. Qg3 d5 19. Qxc7 Nxc7 20. c4 Ba6 21. Rc1 dxc4 22. Nxc4 Rfe8 23. Ncd6 Re5 24. f4 Re2 25. Rxe2 Bxe2 26. Rxc5 Ne6 27. Re5 Bd3 28. g3 Kf8 29. Rd5 Ba6 30. Kf2 f6 31. Ra5 Bd3 32. Ke3 Bf1 33. h4 a6 34. Nd4 Nc7 35. Rc5 Ne8 36. Ne4 g6 37. g4 Bb5 38. Ne6+ Ke7 39. Nc7 Ra7 40. Nxb5 axb5 41. Rxb5 Rxa2 42. Rb7+ Ke6 43. Rxh7 Rb2 44. Kd4 f5 45. Nc5+ Kd6 46. gxf5 gxf5 47. Rh6+ Ke7 48. Ke5 Ng7 49. Ra6 Re2+ 50. Kd4 Rh2 51. b4 Rb2 52. Nd3 Rb3 53. Kc4 Rb1 54. b5 Ne8 55. Ra7+ Ke6 56. Nc5+ Kf6 57. b6 Nd6+ 58. Kd5 Nc8 59. Nd7+ Kg7 60. Kc6 Rxb6+ 61. Nxb6+ Nxa7+ 62. Kc5 Kf7 63. Nc4 Kg6 64. Nd6 Kh5 65. Kd5 Kxh4 66. Nxf5+ Kg4 67. Ke4 Nb5 68. Ne3+ Kh5 69. Ke5 Kg6 70. f5+ Kf7 71. Ng4 Nc7 72. Nf6 Kg7 73. Ne4 Ne8 74. Nc5 Kf7 75. Ne6 Ke7 76. Ng5 Nf6 77. Kd4 Ng4 1/2-1/2

[Event "PHI-ch U18 Girls"]
[Site "San Antonio"]
[Date "2014.04.24"]
[Round "7"]
[White "Enriquez, Jean Karen"]
[Black "Acedo, Rowelyn"]
[Result "1/2-1/2"]
[WhiteElo "1892"]
[BlackElo "1726"]
[PlyCount "102"]
[EventDate "2014.04.21"]
[EventType "swiss"]
[EventRounds "11"]
[EventCountry "PHI"]
[SourceTitle "CBM 160 Extra"]
[Source "ChessBase"]
[SourceDate "2014.07.01"]
[SourceVersion "1"]
[SourceVersionDate "2014.07.01"]
[SourceQuality "1"]

1. e4 c5 2. Nc3 g6 3. f4 Bg7 4. Nf3 e6 5. a4 Ne7 6. Be2 0-0 7. 0-0 Nbc6 8. Kh1 d5 9. e5 f6 10. exf6 Bxf6 11. Qe1 Nf5 12. Rb1 Nfd4 13. Nxd4 Nxd4 14. Bd1 a6 15. Ne2 Nf5 16. b3 b5 17. Ba3 b4 18. Bc1 Ra7 19. g4 Bh4 20. Ng3 Nd6 21. d3 Raf7 22. d4 Ne4 23. Bf3 Nc3 24. Ra1 cxd4 25. Kg2 Bf6 26. g5 Bg7 27. h4 h5 28. Nxh5 gxh5 29. Bxh5 Rc7 30. Bg6 d3 31. Bxd3 Ne4 32. Be3 Qd7 33. h5 e5 34. f5 Rxf5 35. Rxf5 Qxf5 36. Qh4 Qg4+ 37. Qxg4 Bxg4 38. h6 Bh8 39. g6 Rc6 40. g7 Bxg7 41. hxg7 Kxg7 42. Bxe4 dxe4 43. Rc1 Bf3+ 44. Kf2 Kf6 45. a5 Ke6 46. Bd2 Kd5 47. Bxb4 Rg6 48. Rg1 Rxg1 49. Kxg1 Bd1 50. Kf2 Bxc2 51. Ke3 Bxb3 1/2-1/2

[Event "PHI-ch (Women)"]
[Site "Boracay Island"]
[Date "2012.07.23"]
[Round "12"]
[White "Fronda Pascua, Jan Jodilyn"]
[Black "Enriquez, Jean Karen"]
[Result "1/2-1/2"]
[WhiteElo "2022"]
[BlackElo "1841"]
[PlyCount "108"]
[EventDate "2012.07.15"]
[EventType "tourn"]
[EventRounds "15"]
[EventCountry "PHI"]
[SourceTitle "CBM 149 Extra"]
[Source "ChessBase"]
[SourceDate "2012.08.24"]
[SourceVersion "1"]
[SourceVersionDate "2012.08.24"]
[SourceQuality "1"]

1. e4 e6 2. d3 d5 3. Qe2 Ne7 4. g3 c5 5. Bg2 Nbc6 6. f4 Nd4 7. Qf2 Nec6 8. c3 Nb5 9. Ne2 d4 10. Qf3 Be7 11. 0-0 0-0 12. a4 Nc7 13. Na3 e5 14. f5 Bg5 15. Bxg5 Qxg5 16. cxd4 cxd4 17. Nc4 b5 18. axb5 Nxb5 19. h4 Qe7 20. f6 Qxf6 21. Qxf6 gxf6 22. Rxf6 Be6 23. Kh2 a5 24. Bh3 Bxc4 25. dxc4 Nba7 26. Bd7 Rab8 27. Ra2 Rfd8 28. Bxc6 Rb6 29. Rxa5 Nxc6 30. Ra2 Nb4 31. Rxb6 Nxa2 32. Ng1 d3 33. Nf3 d2 34. Nxd2 Rxd2+ 35. Kh3 Rd4 36. b3 Rxe4 37. h5 h6 38. Rxh6 Re3 39. Rb6 Nc1 40. c5 Nxb3 41. c6 Kg7 42. c7 Rc3 43. Rxb3 Rxc7 44. Kg4 Rc4+ 45. Kg5 f6+ 46. Kf5 Kh6 47. Kxf6 Kxh5 48. Kf5 Rg4 49. Kxe5 Kg5 50. Rf3 Kg6 51. Rf6+ Kg5 52. Rf3 Kg6 53. Rf6+ Kg7 54. Rf3 Kg6 1/2-1/2

[Event "PHI-ch (Women)"]
[Site "Boracay Island"]
[Date "2012.07.22"]
[Round "11"]
[White "Enriquez, Jean Karen"]
[Black "San Diego, Marie Antoinette"]
[Result "0-1"]
[WhiteElo "1841"]
[BlackElo "1922"]
[PlyCount "66"]
[EventDate "2012.07.15"]
[EventType "tourn"]
[EventRounds "15"]
[EventCountry "PHI"]
[SourceTitle "CBM 149 Extra"]
[Source "ChessBase"]
[SourceDate "2012.08.24"]
[SourceVersion "1"]
[SourceVersionDate "2012.08.24"]
[SourceQuality "1"]

1. e4 d5 2. Nc3 d4 3. Nce2 c5 4. Ng3 Nc6 5. f4 e5 6. f5 Nf6 7. Bc4 a6 8. d3 b5 9. Bb3 h6 10. Nh3 Na5 11. 0-0 c4 12. dxc4 bxc4 13. Ba4+ Bd7 14. Bxd7+ Qxd7 15. Qf3 Bc5 16. Kh1 Nc6 17. a3 Rb8 18. b4 Ba7 19. Nh5 Nxh5 20. Qxh5 d3 21. Bb2 dxc2 22. Rac1 Qd2 23. Qg4 Kf8 24. Nf4 c3 25. Bxc3 Qxc3 26. Ne6+ fxe6 27. fxe6+ Kg8 28. Rf7 Rh7 29. Qf5 Qd2 30. Rf1 Qd8 31. e7 Nxe7 32. Qe6 Kh8 33. Rxe7 Be3 0-1

[Event "PHI-ch (Women)"]
[Site "Boracay Island"]
[Date "2012.07.22"]
[Round "10"]
[White "Mendoza, Shania Mae"]
[Black "Enriquez, Jean Karen"]
[Result "1-0"]
[WhiteElo "1806"]
[BlackElo "1841"]
[PlyCount "105"]
[EventDate "2012.07.15"]
[EventType "tourn"]
[EventRounds "15"]
[EventCountry "PHI"]
[SourceTitle "CBM 149 Extra"]
[Source "ChessBase"]
[SourceDate "2012.08.24"]
[SourceVersion "1"]
[SourceVersionDate "2012.08.24"]
[SourceQuality "1"]

1. e4 d5 2. exd5 Nf6 3. Bb5+ Nbd7 4. d4 a6 5. Be2 Nxd5 6. Nf3 e6 7. c4 N5f6 8. 0-0 c5 9. a3 cxd4 10. Nxd4 Qc7 11. Nc3 Nb6 12. b3 Be7 13. Be3 Bd7 14. Bf3 Rd8 15. Qc2 0-0 16. a4 Bc5 17. Qb2 e5 18. Nc2 Bxe3 19. Nxe3 Bc6 20. a5 Nc8 21. Bxc6 Qxc6 22. Ncd5 Rfe8 23. Rfe1 h5 24. Rad1 Nxd5 25. Nxd5 Qd6 26. h3 Ne7 27. Nxe7+ Qxe7 28. Rxd8 Qxd8 29. Rxe5 Qd1+ 30. Kh2 Qd6 31. f4 Rd8 32. Qf2 g6 33. Qe3 Qf6 34. b4 Rc8 35. Qd4 Qc6 36. b5 Qc7 37. b6 Qc6 38. Rd5 Kh7 39. Rd7 Qe6 40. Rxb7 Rxc4 41. Qd7 Qxd7 42. Rxd7 Ra4 43. Rxf7+ Kh6 44. b7 Rb4 45. g4 hxg4 46. hxg4 g5 47. Rf6+ Kg7 48. Rb6 Rxf4 49. b8Q Rf7 50. Qe5+ Kh7 51. Rb8 Rf2+ 52. Kg3 Rf6 53. Qe7+ 1-0

[Event "PHI-ch (Women)"]
[Site "Boracay Island"]
[Date "2012.07.16"]
[Round "3"]
[White "Enriquez, Jean Karen"]
[Black "Docena, Jedara"]
[Result "1-0"]
[WhiteElo "1841"]
[BlackElo "2061"]
[PlyCount "159"]
[EventDate "2012.07.15"]
[EventType "tourn"]
[EventRounds "15"]
[EventCountry "PHI"]
[SourceTitle "CBM 149 Extra"]
[Source "ChessBase"]
[SourceDate "2012.08.24"]
[SourceVersion "1"]
[SourceVersionDate "2012.08.24"]
[SourceQuality "1"]

1. e4 c5 2. Nc3 Nc6 3. g3 g6 4. Bg2 Bg7 5. Nge2 e6 6. d3 Nge7 7. 0-0 0-0 8. Be3 Nd4 9. Qd2 Nec6 10. Kh1 d6 11. a3 Rb8 12. Bg5 Qa5 13. Nxd4 Nxd4 14. Be7 Re8 15. Bxd6 Ra8 16. b4 cxb4 17. axb4 Qd8 18. Bf4 Bd7 19. e5 Qc7 20. Ne2 Nf5 21. c4 Bc6 22. Qc3 Rec8 23. b5 Bxg2+ 24. Kxg2 Qc5 25. g4 Nh4+ 26. Kh3 Qe7 27. Qa3 Qd8 28. Qd6 Nf3 29. Kg3 Qxd6 30. exd6 Nd4 31. Ra2 Rd8 32. Nc3 e5 33. Be3 Rxd6 34. Ne4 Rd7 35. Nc5 Rc7 36. Bxd4 exd4 37. Ne4 b6 38. g5 Re8 39. Re1 Kf8 40. Rae2 Rce7 41. f4 f5 42. gxf6 Bxf6 43. Kg4 Re6 44. Ng3 Rxe2 45. Rxe2 Rd8 46. Re6 Kf7 47. Rc6 Rd7 48. Ne4 Be7 49. f5 gxf5+ 50. Kxf5 Bd8 51. Rd6 Ke7 52. Rxd7+ Kxd7 53. Ke5 Bc7+ 54. Kxd4 Bxh2 55. Nf6+ Ke7 56. Nxh7 Bf4 57. Ke4 Bd2 58. Kf5 Kd6 59. Nf6 Be3 60. Ne4+ Kd7 61. Ke5 Bg1 62. Kd5 Be3 63. Nf6+ Kc7 64. Ng4 Bf4 65. Ne5 Kb7 66. Nc6 Bg3 67. d4 Bh2 68. Nb4 Bg1 69. Na6 Bf2 70. Ke5 Kc8 71. Nb4 Kb7 72. d5 Be1 73. Na6 Kc8 74. Kd6 Bd2 75. Kc6 Be1 76. d6 Bd2 77. Nc7 Bg5 78. Ne6 Bh4 79. d7+ Kb8 80. d8Q+ 1-0